| 000 -LEADER |
| fixed length control field |
00635nam a22001817a 4500 |
| 008 - FIXED-LENGTH DATA ELEMENTS--GENERAL INFORMATION |
| fixed length control field |
210908b ||||| |||| 00| 0 eng d |
| 020 ## - INTERNATIONAL STANDARD BOOK NUMBER |
| International Standard Book Number |
9789280117288 |
| 082 ## - DEWEY DECIMAL CLASSIFICATION NUMBER |
| Classification number |
343.0786238 |
| Item number |
IMO |
| 100 ## - MAIN ENTRY--PERSONAL NAME |
| Personal name |
International Maritime Organization |
| 245 ## - TITLE STATEMENT |
| Title |
IBC Code : international code for the construction and equipment of ships carrying dangerous chemicals in bulk |
| 250 ## - EDITION STATEMENT |
| Edition statement |
2020 Ed. |
| 260 ## - PUBLICATION, DISTRIBUTION, ETC. (IMPRINT) |
| Place of publication, distribution, etc |
London |
| Name of publisher, distributor, etc |
International Maritime Organization |
| Date of publication, distribution, etc |
2020 |
| 300 ## - PHYSICAL DESCRIPTION |
| Extent |
v, 295p. |
| 650 ## - SUBJECT ADDED ENTRY--TOPICAL TERM |
| Topical term or geographic name as entry element |
Shipbuilding contracts |
| 650 ## - SUBJECT ADDED ENTRY--TOPICAL TERM |
| Topical term or geographic name as entry element |
Ships--Cargo--Safety regulations |
| 650 ## - SUBJECT ADDED ENTRY--TOPICAL TERM |
| Topical term or geographic name as entry element |
Chemicals--Transportation--Safety regulations |
| 942 ## - ADDED ENTRY ELEMENTS (KOHA) |
| Item type |
Books |